Państwa Świata 30min. - Statystyki

Ogólne statystyki
  • Ten quiz został rozwiązany 233 171 razy
  • Średni wynik to 128 z 196
Odpowiedzi na mapie
Odpowiedzi zakodowano w zielono-czerwonej skali na mapie do tego quizu, zgodnie z poniższymi procentami.
 
Statystyki odpowiedzi
Kraj % Poprawnych
Polska
95%
Stany Zjednoczone
95%
Rosja
94%
Francja
93%
Kanada
93%
Niemcy
93%
Ukraina
93%
Chiny
92%
Czechy
92%
Hiszpania
92%
Wlochy
92%
Bialorus
91%
Litwa
91%
Portugalia
91%
Slowacja
91%
Szwecja
91%
Wielka Brytania
91%
Brazylia
90%
Dania
90%
Finlandia
90%
Łotwa
90%
Meksyk
90%
Norwegia
90%
Australia
89%
Austria
89%
Estonia
89%
Grecja
89%
Irlandia
89%
Japonia
89%
Turcja
89%
Argentyna
88%
Belgia
88%
Holandia
88%
Islandia
88%
Chorwacja
87%
Szwajcaria
87%
Egipt
86%
Korea Pólnocna
86%
Korea Poludniowa
86%
Rumunia
86%
Slowenia
86%
Wegry
86%
Indie
85%
Albania
84%
Bosnia i Hercegowina
84%
Chile
84%
Kazachstan
84%
Bulgaria
83%
Irak
82%
Iran
82%
Kuba
81%
Madagaskar
81%
Moldawia
81%
Serbia
81%
Arabia Saudyjska
80%
Czarnogóra
80%
Luksemburg
80%
Maroko
80%
Republika Poludniowej Afryki
80%
Watykan
80%
Macedonia Północna
79%
Mongolia
79%
Niger
79%
Peru
79%
Malta
78%
Cypr
77%
Indonezja
77%
Kosowo
77%
Nowa Zelandia
77%
Andora
76%
Kolumbia
76%
Urugwaj
76%
Izrael
75%
Nigeria
75%
Boliwia
74%
Demokratyczna Republika Konga
74%
Liechtenstein
74%
Monako
74%
Wenezuela
74%
Algieria
73%
Gruzja
73%
Oman
73%
San Marino
73%
Dominika
72%
Filipiny
72%
Pakistan
72%
Afganistan
71%
Kongo
71%
Tunezja
71%
Tajlandia
70%
Zjednoczone Emiraty Arabskie
70%
Armenia
69%
Ekwador
69%
Wietnam
69%
Paragwaj
68%
Uzbekistan
68%
Dominikana
67%
Jemen
67%
Katar
67%
Libia
67%
Panama
67%
Azerbejdzan
66%
Czad
66%
Sudan
66%
Etiopia
64%
Kenia
64%
Nepal
64%
Sri Lanka
64%
Syria
64%
Jamajka
63%
Turkmenistan
63%
Gwinea
62%
Malezja
62%
Somalia
62%
Tajwan
62%
Kostaryka
61%
Papua-Nowa Gwinea
61%
Tadzykistan
61%
Angola
60%
Jordania
60%
Bangladesz
59%
Haiti
59%
Kirgistan
59%
Zambia
59%
Kambodza
58%
Laos
58%
Liban
58%
Wybrzeze Kosci Sloniowej
58%
Gujana
57%
Mali
56%
Sudan Poludniowy
56%
Zimbabwe
56%
Senegal
55%
Honduras
54%
Malediwy
54%
Republika Zielonego Przyladka
53%
Bahamy
52%
Bhutan
52%
Ghana
51%
Gwatemala
51%
Kuwejt
51%
Tanzania
51%
Fidzi
50%
Uganda
50%
Republika Srodkowoafrykanska
49%
Salwador
49%
Surinam
49%
Gwinea Równikowa
48%
Mjanma
48%
Mozambik
48%
Singapur
48%
Erytrea
47%
Nikaragua
47%
Seszele
47%
Togo
47%
Botswana
46%
Kamerun
46%
Wyspy Swietego Tomasza i Ksiazeca
46%
Belize
45%
Mauretania
45%
Wyspy Marshalla
45%
Liberia
44%
Mikronezja
44%
Lesotho
43%
Namibia
43%
Gabon
42%
Wyspy Salomona
42%
Rwanda
41%
Bahrajn
40%
Barbados
40%
Gambia
40%
Gwinea Bissau
40%
Burkina Faso
39%
Benin
38%
Timor Wschodni
38%
Dzibuti
37%
Eswatini
37%
Mauritius
35%
Trynidad i Tobago
35%
Brunei
34%
Burundi
34%
Kiribati
34%
Komory
34%
Malawi
34%
Saint Lucia
34%
Sierra Leone
34%
Antigua i Barbuda
32%
Palau
32%
Tuvalu
31%
Nauru
30%
Saint Vincent i Grenadyny
30%
Samoa
30%
Tonga
30%
Vanuatu
30%
Grenada
29%
Saint Kitts i Nevis
29%
Nie znaleziono quizów pasujących do podanych kryteriów
Rozkład punktacji
Procent ludzi z każdym wynikiem
Percentyl według liczby udzielonych odpowiedzi
Twoja historia wyników
Nie rozwiązałeś tego quizu